Programa de formación inicial para jueces/ (Registro nro. 9712)

Detalles MARC
000 -LEADER
fixed length control field 00745nam a2200181Ia 4500
005 - FECHA Y HORA DE LA ÚLTIMA TRANSACCIÓN
control field 20231014105720.0
008 - FIXED-LENGTH DATA ELEMENTS--GENERAL INFORMATION
fixed length control field 231011s9999 xx 000 0 und d
040 ## - CATALOGING SOURCE
Original cataloging agency UPAN
Transcribing agency Biblioteca San Vicente
Description conventions RCAA2
041 ## - LANGUAGE CODE
Language code of text/sound track or separate title spa
082 ## - DEWEY DECIMAL CLASSIFICATION NUMBER
Classification number 153.94
Item number P764p
año de publicación s.n.
110 ## - MAIN ENTRY--CORPORATE NAME
Corporate name or jurisdiction name as entry element Escuela de capacitación judicial
Relator code aut.
245 #0 - TITLE STATEMENT
Title Programa de formación inicial para jueces/
Statement of responsibility, etc Escuela de capacitación judicial
260 ## - PUBLICATION, DISTRIBUTION, ETC. (IMPRINT)
Place of publication, distribution, etc El Salvador:
Name of publisher, distributor, etc CNJ,
Date of publication, distribution, etc s.n.
300 ## - PHYSICAL DESCRIPTION
Extent 242 p.;
Dimensions 22 cm.
505 ## - FORMATTED CONTENTS NOTE
Formatted contents note Contenido: 1. Propuestas de solución, 2. Información epecífica sobre la prueba de conocimientos, 3. Reporte de errores advercibos en el libro "Textos de estudio parala prueba de conocimientos"
650 ## - SUBJECT ADDED ENTRY--TOPICAL TERM
Source of heading or term LEMB
Form subdivision Guia
General subdivision Jueces
942 ## - ADDED ENTRY ELEMENTS (KOHA)
Koha item type Libros
Source of classification or shelving scheme Dewey Decimal Classification
Existencias
Withdrawn status Lost status Source of classification or shelving scheme Damaged status Not for loan Collection code Home library Current library Date acquired Total Checkouts Full call number Barcode Date last seen Copy number Price effective from Koha item type
    Dewey Decimal Classification     Referencia Biblioteca UPAN San Vicente Biblioteca UPAN San Vicente 11/10/2023   153.94 P764p 12001973 11/10/2023 01 11/10/2023 Referencia